Ligne 9 Métro Paris - Statistiques

Statistiques générales
  • Ce quiz a été pris 645 fois
  • Le résultat moyen est 23 sur 37
Statistiques - réponses
Hint Réponse % Correct
T2 Pont de Sèvres
81%
M3 M5 M8 M11 République
80%
Mairie de Montreuil
79%
M6 Trocadéro
79%
M1 M2 M6 ; RER A Nation
77%
M3 ; RER A E Havre - Caumartin
74%
M8 Bonne Nouvelle
71%
Iéna
70%
M10 Michel-Ange - Auteuil
70%
M10 Michel-Ange - Molitor
69%
M4 M8 Strasbourg - Saint-Denis
68%
RER C Alma - Marceau
67%
M5 Oberkampf
66%
M13 Miromesnil
65%
T3b Porte de Montreuil
65%
M1 Franklin D. Roosevelt
64%
M8 Grands Boulevards
64%
RER C Rue de la Pompe
64%
M14 Saint-Augustin
64%
Jasmin
63%
RER C La Muette
63%
Billancourt
62%
Porte de Saint-Cloud
62%
Ranelagh
62%
Voltaire
61%
Exelmans
60%
Rue des Boulets
59%
M7 Chaussée d'Antin - La Fayette
54%
Marcel Sembat
54%
Robespierre
52%
Charonne
51%
M8 Richelieu - Drouot
50%
Croix de Chavaux
49%
Saint-Philippe-du-Roule
48%
Maraîchers
47%
Buzenval
46%
Saint-Ambroise
45%
Aucun quiz correspondant
Distribution des résultats
% des personnes avec chaque résultat
Percentile par nombre de réponses
Votre historique - résultats
Vous n’avez pas pris ce quiz